000 00676nam a22001937a 4500
005 20251108163350.0
008 250721s1990 xx 000 0 ara d
082 1 4 _a343.4/كتك
100 1 _aكتكت، جميل يوسف
245 1 0 _aالعقاقير الخطرة :
_bالمواد المخدره و المؤثرات العقلية و المواجهة التشريعيه في المملكة الأردنية الهاشمية /
264 1 _aعمان :
_bالأهليه،
_c1990.
300 _a156ص
650 1 7 _aالقانون الجنائي
650 1 7 _aالمخدرات
650 1 7 _aالعقوبات
650 1 7 _aالأردن
942 _2ddc
_cBK
999 _c828
_d828